Quantitative Easing Effects on Equity Markets – Event Study Evidence From the US
Sumarizácia potrebných informácií o nekonvenčnej menovej politike a všeobecne o kvantitatívnom uvoľňovaní (QE). Prehľad výskumov iných autorov zameraných na danú tému spolu s popisom procesu QE v USA. Predstavenie metodiky a údajov použitých pre súčasnú empirickú analýzu. Výsledky a diskusia.
Gespeichert in:
| 1. Verfasser: | |
|---|---|
| Weitere Verfasser: | |
| Format: | Buchkapitel |
| Sprache: | Englisch |
| Schlagworte: | |
| Tags: |
Keine Tags, Fügen Sie das erste Tag hinzu!
|
MARC
| LEADER | 00000naa a2200000 4500 | ||
|---|---|---|---|
| 001 | 0257926 | ||
| 005 | 20241121133233.4 | ||
| 041 | 0 | |a eng | |
| 044 | |a CZ | ||
| 245 | 1 | 0 | |a Quantitative Easing Effects on Equity Markets – Event Study Evidence From the US |c Leoš Šafár, Marianna Siničáková |
| 520 | |a Sumarizácia potrebných informácií o nekonvenčnej menovej politike a všeobecne o kvantitatívnom uvoľňovaní (QE). Prehľad výskumov iných autorov zameraných na danú tému spolu s popisom procesu QE v USA. Predstavenie metodiky a údajov použitých pre súčasnú empirickú analýzu. Výsledky a diskusia. | ||
| 610 | 2 | 0 | |a trh akciový |
| 610 | 2 | 0 | |a politika menová |
| 610 | 2 | 0 | |a nástroje politiky menovej |
| 610 | 2 | 0 | |a uvoľňovanie kvantitatívne |
| 610 | 2 | 0 | |a banky centrálne |
| 610 | 2 | 0 | |a USA |
| 100 | 1 | |a Šafár, Leoš | |
| 700 | 1 | |a Siničáková, Marianna | |